[Event "IOM Open-Masters 2017"]
[Site "Douglas"]
[Date "2017.09.27"]
[Round "5"]
[White "Salomon, Johan"]
[Black "Bindrich, Falko"]
[Result "1/2-1/2"]
[WhiteElo "2476"]
[BlackElo "2598"]
[Annotator "TA"]
[PlyCount "93"]
[EventDate "2017.??.??"]
[EventType "swiss"]
[EventCountry "GBR"]
[SourceTitle "playchess.com"]
[Source "ChessBase"]
[SourceQuality "1"]

{[%evp 25,93,0,0,0,0,0,33,36,35,31,27,31,30,30,31,27,22,26,57,29,51,42,46,47,79,71,89,93,95,0,37,31,22,0,10,11,64,0,0,-45,-39,-39,-21,-131,-130,-197,-192,-214,-189,-214,-200,-199,-191,-461,0,-438,-436,-410,0,0,19,12,45,12,57,0,0,0,0,0]} 1. Nf3 d5 2. g3 Bg4 3. Bg2 e6 4. O-O Nf6 5. c4 c6 6. b3 Nbd7 7. Bb2 Bd6 8. d3 O-O 9. h3 Bh5 10. Nbd2 Qe7 {A12: English Opening: 1...c6 with b3 by White} 11. a3 e5 (11... a5 12. Qc2 Rfc8 13. e4 dxe4 14. dxe4 e5 15. Nh4 Bc5 16. Kh1 Bg6 17. Nxg6 hxg6 18. Nf3 Rd8 19. Rfe1 Nh7 {0-1 (55) Nepomniachtchi,I (2751)-Salem,A (2633) Moscow 2017}) 12. Nh4 Qe6 13. Ndf3 h6 {LiveBook: 3 Games. And now ...g5 would win.} 14. e4 dxe4 15. dxe4 {[#]} Nxe4 $146 ({Predecessor:} 15... Rfd8 16. Qc2 a5 17. g4 Bg6 18. Nf5 {0-1 (41) Reis,G (2216)-Wells,P (2526) Nuremberg 2008}) 16. g4 Bg6 $1 {[%cal Rg6h7]} 17. Nxg6 fxg6 18. Qc2 Ng5 19. Nxg5 hxg5 20. b4 Bc7 21. c5 Rad8 22. Rae1 a5 23. Bc1 axb4 24. axb4 Qf6 25. Qc4+ Kh7 26. h4 Qf7 27. Qc3 (27. Qxf7 $16 Rxf7 28. hxg5 (28. Bxg5 Nf6 $14)) 27... Nf6 28. hxg5 ({Don't play} 28. Bxg5 Rd4 $15) 28... Nd5 29. Qh3+ Kg8 30. Be4 Qe6 ({Better is} 30... Nxb4 $11 31. Re2 Nd5) 31. Re2 (31. Bc2 $14 Qf7 32. Bb3) 31... Nc3 $36 {[%mdl 2048] Black is pushing.} 32. Re3 Nxe4 33. Rxe4 Rd4 34. Rfe1 (34. Rxd4 $11 exd4 35. f4) 34... Qc4 $17 35. Rxd4 (35. Qe3 $17) 35... exd4 $19 {[%cal Be5d4,Bd4d3][%mdl 32]} 36. Bd2 d3 $1 37. Qg2 Qa2 38. f3 Qd5 $1 39. Re4 $2 {[#]} (39. f4 {might work better.} Qxg2+ 40. Kxg2 Bxf4 41. Rd1) 39... Be5 $2 ({Black should play} 39... Bf4 $1 $19 {[%cal Rf4d2][%mdl 512]} 40. Rxf4 (40. Bxf4 Rxf4) 40... Rxf4 41. Bxf4 Qd4+ 42. Kf1 Qxf4 43. Qa2+ Kh7) 40. f4 $2 {[%mdl 8192]} (40. Qf2 $1 $11 {and White is okay.}) 40... Bd4+ 41. Kh2 Rd8 $2 (41... Ra8 $19 42. Kg3 Kf7) 42. Kg3 b6 (42... Ra8 $5) 43. cxb6 Bxb6 44. Re1 Qa2 45. Qe4 (45. Re7 $1 $14 Qc4 46. Qe4 Qxe4 47. Rxe4) 45... Qxd2 $11 46. Qe6+ Kf8 {( -> ...Bf2+)} 47. Qe7+ {Precision: White = 49%, Black = 49%.} 1/2-1/2

[Event "IOM Open-Masters 2017"]
[Site "Douglas"]
[Date "2017.09.27"]
[Round "5"]
[White "Batsiashvili, Nino"]
[Black "Riazantsev, Alexander"]
[Result "1/2-1/2"]
[WhiteElo "2472"]
[BlackElo "2666"]
[Annotator "TA"]
[PlyCount "79"]
[EventDate "2017.??.??"]
[EventType "swiss"]
[EventCountry "GBR"]
[SourceTitle "playchess.com"]
[Source "ChessBase"]
[SourceQuality "1"]

{[%evp 25,79,0,0,0,0,0,26,0,30,0,0,0,0,0,0,0,0,0,0,0,0,0,0,0,0,0,0,0,5,1,11,0,18,0,0,0,0,0,0,0,0,0,0,0,2,0,0,0,4,4,4,4,4,0,0,0]} 1. d4 Nf6 2. c4 e6 3. Nc3 Bb4 4. Nf3 O-O 5. Bg5 c5 6. e3 cxd4 7. exd4 d5 8. Bd3 dxc4 9. Bxc4 a6 10. a4 Nc6 11. O-O h6 12. Bh4 Be7 13. Re1 Bd7 {LiveBook: 18 Games. D27: Queen's Gambit Accepted: Classical main line: 7 e4!? and 7 a4} 14. Qd2 (14. Qe2 Nd5 15. Bg3 Bb4 16. Rec1 Nde7 17. Ne5 Nxe5 18. Qxe5 Bc6 19. Bd3 Rc8 20. Rd1 Qa5 21. Qxa5 Bxa5 {½-½ (52) Topalov,V (2775)-Karjakin,S (2776) Monte Carlo 2011}) 14... Rc8 15. Rad1 Nh5 $146 ({Predecessor:} 15... Nb4 16. Ne5 Be8 17. Bb3 Rc7 18. Bg3 Nh5 19. d5 Nxg3 20. hxg3 exd5 21. Nxd5 Nxd5 22. Bxd5 Bxa4 23. Nxf7 Qxd5 24. Qxd5 Rxf7 {½-½ (56) Peralta,F (2596)-Matsenko,S (2474) Barcelona 2014}) 16. Bxe7 Nxe7 17. d5 {[%cal Rd5e6]} (17. Ne5 $5 {[%cal Rd4d5]}) 17... Bxa4 $1 {The position is equal.} ({Much weaker is} 17... Rxc4 $6 18. dxe6 fxe6 19. Qxd7 $16) 18. Nxa4 Rxc4 19. b3 $1 {[%cal Rb3c4]} Rc8 {[%cal Re7d5]} 20. dxe6 Qxd2 21. exf7+ Rxf7 22. Rxd2 Ng6 23. Nb6 Rc3 24. Nd4 Nf6 25. g3 Re7 26. Red1 Re8 27. Kg2 Nf8 28. b4 (28. Nc4 {feels hotter.} Rd8 29. Re1 Rd7 30. f4 Kh7 31. Ne5) 28... Ne6 29. h4 Nxd4 30. Rxd4 Rc2 31. Rf4 Re4 32. Rd8+ Kh7 33. Nd5 Rxf4 34. Nxf4 $11 {[%mdl 4096] Endgame KRN-KRN} Rc4 35. b5 axb5 36. Rb8 Rc7 37. Ne6 Rf7 38. Nf8+ Kg8 39. Ng6+ Kh7 40. Nf8+ {Precision: White = 64%, Black = 76%.} 1/2-1/2

[Event "IOM Open-Masters 2017"]
[Site "Douglas"]
[Date "2017.09.27"]
[Round "5"]
[White "Basso, Pier Luigi"]
[Black "Svane, Rasmus"]
[Result "0-1"]
[WhiteElo "2460"]
[BlackElo "2595"]
[Annotator "TA"]
[PlyCount "74"]
[EventDate "2017.??.??"]
[EventType "swiss"]
[EventCountry "GBR"]
[SourceTitle "playchess.com"]
[Source "ChessBase"]
[SourceQuality "1"]

{[%evp 21,74,-15,36,25,37,37,29,27,38,24,14,29,27,34,37,31,74,62,57,-58,-66,-72,-35,-110,-93,-93,-72,-74,-70,-85,-27,-53,-11,-4,0,-6,0,-74,-58,-52,-70,-120,-146,-139,-127,-168,-145,-99,-61,-268,-259,-439,-439,-29980,-29981]} 1. d4 d5 2. c4 c6 3. Nc3 Nf6 4. e3 e6 5. Nf3 Nbd7 6. Bd3 dxc4 7. Bxc4 b5 8. Bd3 Bd6 9. O-O O-O 10. e4 e5 11. Bg5 Bb7 {LiveBook: 8 Games} ({Better is} 11... h6 $11 12. Bh4 exd4 13. Nxd4 Qb6) 12. dxe5 $14 {D47: Semi-Slav: Meran System} (12. a4 b4 13. Ne2 c5 14. d5 h6 15. Bxf6 Qxf6 16. Nd2 Qe7 17. Nc4 Nb6 18. Ne3 g6 19. a5 Nd7 {1-0 (60) Hayrapetyan,H (2436)-Baghdasaryan,V (2402) Yerevan 2015}) 12... Nxe5 13. Nxe5 Bxe5 14. f4 {White has an edge.} Bxc3 15. bxc3 c5 $146 {Threatens to win with ...c4.} ({Predecessor:} 15... Qb6+ 16. Kh1 c5 17. Qe2 c4 18. Bc2 Nxe4 19. Bxe4 Rae8 {0-1 (35) Paldanius,P (2252)-Bashkite,V (2107) Tampere 2002}) 16. Bxb5 Qxd1 17. Rfxd1 Nxe4 18. Rd7 Bc8 19. Rc7 {Hoping for Bc6.} Bf5 20. g4 (20. Ba6 $14) 20... Bxg4 $15 21. Ba6 Rfe8 22. Be7 (22. Bb7 $15) 22... Nxc3 $17 {[#] And now ...Nd5 would win.} 23. Bxc5 h5 24. Rxa7 Rad8 25. Bc4 Be6 ({Black should play} 25... Ne2+ $17 26. Kf2 Re4 27. Bxf7+ Kh7) 26. Bf1 Bd5 27. Be7 Rc8 $36 {[%mdl 2048] White is under pressure.} 28. a4 Bc4 29. Rc1 (29. Bxc4 $11 Rxc4 30. a5) 29... Bxf1 30. Kxf1 Rc4 31. a5 Rxf4+ 32. Kg2 Nd5 33. Bc5 Re2+ 34. Kh1 Nf6 {White must now prevent ...Ne4.} 35. Ra8+ $2 ({White has to play} 35. Ra1 $1 $15) 35... Kh7 $19 36. a6 $2 (36. Rc8 {was forced.}) 36... Rh4 37. Bg1 {[#]} (37. Bd6 $19 Ne4 38. Bc7) 37... Ne4 {Precision: White = 40%, Black = 68%.} 0-1

[Event "IOM Open-Masters 2017"]
[Site "Douglas"]
[Date "2017.09.27"]
[Round "5"]
[White "Christiansen, Johan-Sebastian"]
[Black "Karavade, Eesha"]
[Result "1/2-1/2"]
[WhiteElo "2457"]
[BlackElo "2384"]
[Annotator "TA"]
[PlyCount "53"]
[EventDate "2017.??.??"]
[EventType "swiss"]
[EventCountry "GBR"]
[SourceTitle "playchess.com"]
[Source "ChessBase"]
[SourceQuality "1"]

{[%evp 13,53,-1,-5,-55,-50,-40,-34,-48,-32,-33,-27,-29,12,0,10,19,22,14,17,0,0,-60,-47,-60,-39,-44,-41,-47,-55,-72,-20,-21,-16,-22,0,0,0,-24,0,0,0,-51]} 1. Nf3 d5 2. c4 d4 3. e3 Nc6 4. exd4 Nxd4 5. Nxd4 Qxd4 6. Nc3 c6 7. d3 Nh6 {[%cal Bg8h6,Bh6f5,Bf5d4][%mdl 32] LiveBook: 92 Partien. A09: Reti-Eröffnung} 8. Ne2 (8. Be2 g6 9. h3 Bg7 10. g4 f5 11. Be3 Qd6 12. Qd2 Nf7 13. O-O-O O-O 14. f4 b5 15. d4 bxc4 16. Bxc4 {0-1 (28) Anand,V (2793)-Kramnik,V (2769) London 2014}) 8... Qd6 9. d4 $146 ({Vorgänger:} 9. a3 e5 10. b4 g6 11. Bb2 Bg7 12. h3 Nf5 13. c5 Qe7 14. g4 Nh4 15. Ng3 {0-1 (49) Staricek,P (2206)-Schwarz,D (2294) Slovakia 2011}) 9... Nf5 {Schwarz steht etwas besser.} 10. a3 e5 11. d5 $1 cxd5 12. cxd5 Qg6 13. Ng3 $1 Nd4 {[#] Weiss muss nun ...Sc2+ beachten.} 14. Bd3 Qd6 15. O-O {und nun wäre Le3 stark für Weiss.} Qxd5 16. Re1 Be6 {zielt auf ...Sb3 ab.} 17. Be4 (17. Bg5 $11) 17... Qd7 $15 18. Qh5 Bd6 $1 19. Be3 O-O-O 20. Bxd4 exd4 21. Nf5 g6 ({Günstiger ist} 21... Kb8 $17 {...g6 ist eine echte Drohung.} 22. Nxg7 (22. Nxd6 Qxd6 23. Qf3 Rd7 $17) 22... Bg4) 22. Nxd6+ $11 Qxd6 23. Qb5 {[%csl Ge4][%cal Rb5b7] [#]} Qb6 24. Qe5 Qd6 25. Qb5 $1 {[%csl Ge4][%cal Rb5b7]} Qb6 26. Qe5 {Droht Tac1+ und aus.} Qd6 27. Qb5 $1 {Precision: Weiß = 57%, Schwarz = 68%.} 1/2-1/2

[Event "IOM Open-Masters 2017"]
[Site "Douglas"]
[Date "2017.09.27"]
[Round "5"]
[White "Kjartansson, Gudmundur"]
[Black "Jessel, Stephen"]
[Result "0-1"]
[WhiteElo "2456"]
[BlackElo "2334"]
[Annotator "TA"]
[PlyCount "130"]
[EventDate "2017.??.??"]
[EventType "swiss"]
[EventCountry "GBR"]
[SourceTitle "playchess.com"]
[Source "ChessBase"]
[SourceQuality "1"]

{[%evp 14,130,89,73,62,24,33,33,46,48,43,47,97,39,44,41,54,27,27,27,44,-60,70,52,47,37,47,0,0,17,7,17,21,0,60,-162,-158,-262,-260,-260,-270,-245,-247,-285,-277,-258,-229,-267,-220,-412,-409,-408,-386,-354,-158,-311,-301,-283,-162,-157,-93,-299,-284,-281,-285,-266,-112,-342,-274,-430,-429,-489,-464,-516,-500,-742,-737,-741,-742,-700,-683,-2209,-599,-29969,-29971,-29970,-29958,-29969,-29972,-29972,-29973,-29973,-29972,-29972,-29975,-29975,-29973,-29973,-29974,-29979,-29980,-29981,-29982,-29982,-29983,-29982,-29982,-29985,-29983,-29982,-29983,-29984,-29985,-29985,-29986,-29990,-29991,-29991,-29992]} 1. d4 b6 2. e4 Bb7 3. Bd3 e6 4. Nf3 d6 5. O-O Nd7 6. c4 g6 {B00: Damenfianchetto, Nimzowitsch-Verteidigung} 7. Bg5 Ne7 8. Nc3 {LiveBook: 3 Partien} h6 {Weiß steht besser.} 9. Bd2 $146 ({Vorgänger:} 9. Be3 Bg7 10. Qd2 g5 11. d5 Ng6 12. Nd4 Qe7 13. Ncb5 Nc5 14. Bc2 {1-0 (41) Oll,L (2645)-Spassky,B (2535) Tallinn 1998}) 9... Bg7 10. b4 g5 11. h3 Ng6 12. Re1 e5 13. Be3 (13. d5 $16) 13... exd4 $14 14. Nxd4 c5 15. bxc5 (15. Ndb5 $5 {[%cal Rb5d6]} O-O 16. bxc5 $11) 15... dxc5 16. Ndb5 O-O {Droht stark ...a6.} 17. Qc2 (17. Rc1 $1 $14) 17... Qf6 (17... a6 $15 18. Na3 (18. Nd6 Nde5 $17) 18... Nge5) 18. Rac1 Nf4 19. Bf1 Ne5 20. Qd1 Rfd8 $36 {[%mdl 2048] Schwarz hat Druck.} 21. Nd5 Bxd5 22. cxd5 Qg6 23. f3 h5 ({Lieber} 23... Qf6 $11) 24. h4 $2 {[#]} (24. Na3 $14) 24... Bh6 $1 $19 25. hxg5 (25. Bxf4 $17 gxf4 26. Qb3) 25... Qxg5 {zielt auf ...Dg3 ab.} 26. Bxf4 Qxf4 27. Rc3 {[#]} Qh4 $1 {Und ...Lf4 würde nun gewinnen.} 28. f4 Ng4 {[%csl Gg4][%cal Rh4h2]} ({Nicht} 28... Bxf4 29. Rh3 $11) ({Schwächer ist} 28... Qxf4 29. Qxh5 Bg7 30. Rd1 $11 (30. Rh3 a6 $15)) 29. Rh3 Qf2+ 30. Kh1 Qxf4 31. Qf3 $2 (31. g3 Qf2 32. Bg2) 31... Nf2+ 32. Kg1 Nxh3+ 33. Qxh3 Qg4 (33... a6 $19 {und Schwarz behält klar die Oberhand.} 34. Na3 h4) 34. d6 $2 (34. Qxg4+ $17 hxg4 35. e5) 34... Qxh3 35. gxh3 f6 (35... Rac8 $142 36. Nxa7 Ra8) 36. Bc4+ Kh8 (36... Kh7 $142 {Weiss muss nun ...a6 beachten.} 37. Rf1 Bg5) 37. e5 $2 (37. Rf1 $17 {war die einzige Chance.}) 37... fxe5 38. Rxe5 a6 39. Nc7 Ra7 (39... Rab8 $19 {...b5 ist eine echte Drohung.} 40. Rd5 b5) 40. Ne8 $2 (40. Rd5 $17) 40... Bf4 41. Re6 (41. Rxh5+ $142 Rh7 42. Rxh7+ Kxh7 43. d7) 41... b5 42. Bd3 {[#]} Bxd6 $1 43. Nxd6 (43. Rxd6 Rxe8) 43... Rad7 44. Nxb5 Rxd3 45. Rxa6 {[%mdl 4096] Endspiel KTT-KTS} Rd2 46. Rh6+ Kg7 47. Rxh5 Rc2 (47... Rb2 $142 {[%cal Rd8d1]} 48. Nc3 Rd3 49. Rxc5 Rc2) 48. Rg5+ Kf6 {[%cal Rd8d1] Schwarz setzt Matt.} 49. Rg2 Rd1+ 50. Kh2 Rdd2 51. Rxd2 Rxd2+ {KT-KS} 52. Kg3 Rxa2 53. Kf4 Ra4+ 54. Ke3 Ke5 55. Kd3 Rh4 56. Nc3 c4+ 57. Kc2 Rxh3 58. Nb5 Kd5 59. Nc3+ Kd4 60. Ne2+ Kc5 61. Nf4 Rf3 62. Ne2 Kb4 63. Nd4 Rf2+ 64. Kc1 Kc3 {[%cal Rf2f1]} 65. Nb5+ Kd3 {Precision: Weiß = 36%, Schwarz = 61%.} 0-1

[Event "IOM Open-Masters 2017"]
[Site "Douglas"]
[Date "2017.09.27"]
[Round "5"]
[White "Paehtz, Elisabeth"]
[Black "Allen, Keith"]
[Result "1-0"]
[WhiteElo "2453"]
[BlackElo "2231"]
[Annotator "TA"]
[PlyCount "73"]
[EventDate "2017.??.??"]
[EventType "swiss"]
[EventCountry "GBR"]
[SourceTitle "playchess.com"]
[Source "ChessBase"]
[SourceQuality "1"]

{[%evp 22,73,-32,-31,19,-24,27,-27,-24,-19,-26,-46,-48,-107,121,101,106,125,94,93,129,134,189,148,133,143,147,151,165,170,267,260,357,311,308,298,319,269,260,250,275,270,343,343,368,368,368,368,481,250,537,491,625,616]} 1. e4 e5 2. Nf3 Nc6 3. Bb5 a6 4. Ba4 Nf6 5. d4 exd4 6. O-O Be7 7. e5 Ne4 8. Re1 Nc5 9. Bxc6 dxc6 10. Nxd4 Ne6 {C84: Spanische Partie (Mittelgambit)} (10... O-O 11. Nc3 f5 12. Nce2 Ne6 13. Qd3 Bc5 14. Rd1 Bxd4 15. Nxd4 Qxd4 16. Qxd4 Nxd4 17. Rxd4 Be6 18. Bf4 Rad8 19. Rad1 Rxd4 20. Rxd4 {½-½ (28) Savchenko,B (2608)-Demchenko,A (2588) Nizhny Tagil 2014}) 11. Nf5 Qxd1 12. Rxd1 {LiveBook: 11 Partien} Bd7 {Schwarz steht etwas besser.} 13. Nc3 {[%cal Bb1c3,Bc3e4,Be4g5][%mdl 32]} a5 $146 ({Günstiger ist} 13... Bf8) ({Vorgänger:} 13... Bb4 14. Ne4 O-O-O 15. c3 Bf8 16. Be3 h6 17. Rd2 g6 18. Nfg3 Be7 19. f4 Ng7 20. Rad1 Bg4 21. Rxd8+ Bxd8 22. Rd2 h5 23. Bd4 Re8 {½-½ (23) Ritviz,P (2119)-Arjun,K (2039) Calicut 2013}) 14. b3 (14. Nxe7 $142 Kxe7 15. f4) 14... Bf8 $11 15. Be3 h5 16. Ne4 h4 17. f4 {[#]} (17. Nd4 $15) 17... Nxf4 $2 (17... c5 $1 $17 {hält den Druck. zielt auf ...Lc6 ab.} 18. g3 Bc6) 18. Rxd7 $1 $16 Nd5 19. Rxd5 $1 cxd5 20. Ng5 $36 {[%mdl 2048] Weiss ist am Drücker.} g6 21. Nd4 Bg7 (21... Bc5 $16 {ist wohl besser.} 22. c3 c6) 22. Ndf3 O-O 23. Rd1 c6 24. Rd4 Rfe8 25. Rxh4 Bxe5 (25... a4 $142) 26. Nxe5 $18 f6 27. Ng4 {[#] Beabsichtigt Th7 und Matt.} ({Weniger gut wäre} 27. Nxg6 Rxe3 28. Rh8+ Kg7 $18) 27... fxg5 28. Rh3 ({Schwächer ist} 28. Bxg5 Re2 $16) 28... Kf7 29. Rh7+ ({Auf keinen Fall} 29. Bxg5 $6 d4 $18) 29... Ke6 30. Rxb7 a4 31. h3 axb3 32. axb3 {[%cal Ba2b3,Bb3b4][%mdl 32]} Ra2 33. c3 Rc2 34. Bd4 Kd6 35. Kh2 (35. b4 $142) 35... Re4 $2 (35... Ree2 {war angesagt.}) 36. b4 Rce2 37. Rg7 {Precision: Weiß = 65%, Schwarz = 25%.} 1-0

[Event "IOM Open-Masters 2017"]
[Site "Douglas"]
[Date "2017.09.27"]
[Round "5"]
[White "Neelotpal, Das"]
[Black "Yoo, Christopher Woojin"]
[Result "1-0"]
[WhiteElo "2448"]
[BlackElo "2254"]
[Annotator "TA"]
[PlyCount "97"]
[EventDate "2017.??.??"]
[EventType "swiss"]
[EventCountry "GBR"]
[SourceTitle "playchess.com"]
[Source "ChessBase"]
[SourceQuality "1"]

{[%evp 20,97,26,-10,31,32,29,20,22,35,37,-14,39,51,118,0,69,18,162,35,47,33,758,671,762,754,756,741,708,695,938,424,437,450,430,418,417,377,587,577,562,575,677,693,641,654,707,706,1052,680,667,675,643,637,625,562,614,620,618,620,612,609,600,595,872,859,981,953,5577,6206,5485,5361,3311,2447,29973,29975,29972,29972,5410,2827]} 1. e4 e5 2. Nf3 Nc6 3. Bc4 Bc5 4. O-O Nf6 5. d3 O-O 6. Re1 d6 7. c3 a6 {C54: Giuoco Piano: 4 c3 Nf6, main lines with 5 d4 and 5 d3} 8. Bg5 (8. Bb3 Re8 9. h3 h6 10. Nbd2 Be6 11. Nf1 Bxb3 12. Qxb3 d5 13. Be3 Bf8 14. Rad1 Na5 15. Qc2 {0-1 (43) So,W (2812)-Carlsen,M (2832) Paris 2017}) 8... h6 9. Bh4 g5 10. Bg3 Ba7 11. Bb3 {LiveBook: 8 Games} g4 $146 ({Predecessor:} 11... Na5 12. Bc2 Nh5 13. b4 Nxg3 14. bxa5 {½-½ (53) Bok,B (2614)-Petrosyan,M (2480) Gjakova 2016}) 12. Bh4 gxf3 13. Qxf3 Kg7 14. Nd2 h5 15. h3 (15. Qg3+ $14 Kh8 16. Qf3) 15... Be6 (15... Rh8 $11) 16. Qg3+ $14 {[%mdl 1024] White has compensation.} Kh8 ({Better is} 16... Kh7 $14) 17. Qf3 Kg7 {[#]} 18. Nf1 ({White should play} 18. d4 $1 $14 {[%mdl 512]}) 18... Nb8 {[#]} (18... Rh8 $11 {and Black is okay.}) 19. Ng3 ({White has to play} 19. d4 $1 $18 {[%mdl 512]}) 19... Rh8 {[#]} 20. d4 $1 {[%mdl 512] Threatens to win with dxe5.} exd4 $2 {[%mdl 8192]} (20... Bxb3 $14 21. axb3 Nbd7) 21. Bxe6 fxe6 22. e5 dxe5 23. Rxe5 Nbd7 24. Rxe6 d3 {[#]} 25. Re7+ $1 {[%mdl 512]} Qxe7 $18 26. Nf5+ Kf7 27. Nxe7 Kxe7 28. Rd1 Rad8 (28... Bc5 $142 29. Qe4+ Kf8) 29. Rxd3 Rhf8 30. Qxb7 Bb6 31. Qe4+ Kf7 32. Qf5 Ke7 33. c4 a5 34. c5 Bxc5 {[#]} 35. Rxd7+ $1 {[%mdl 512]} Rxd7 36. Qxc5+ Ke8 37. Qxa5 Kf7 38. Qf5 Rd6 39. Bxf6 Rxf6 {[%mdl 4096] Endgame KQ-KRR} 40. Qh7+ Ke6 41. Qxc7 Rf5 42. b4 {[%cal Bb2b4,Bb4b5,Bb5b6][%mdl 32]} Re5 {[#]} 43. b5 $1 Rf7 (43... Rxb5 44. Qc6+) 44. Qc6+ Kf5 45. b6 Ree7 46. a4 {[%cal Ba2a4,Ba4a5][%mdl 32]} h4 47. a5 Kg5 48. Qc5+ Kg6 49. Qd4 {Precision: White = 56%, Black = 31%.} 1-0

[Event "IOM Open-Masters 2017"]
[Site "Douglas"]
[Date "2017.09.27"]
[Round "5"]
[White "Yankelevich, Lev"]
[Black "Coathup, Roger H"]
[Result "1-0"]
[WhiteElo "2443"]
[BlackElo "2125"]
[Annotator "TA"]
[PlyCount "173"]
[EventDate "2017.??.??"]
[EventType "swiss"]
[EventCountry "GBR"]
[SourceTitle "playchess.com"]
[Source "ChessBase"]
[SourceQuality "1"]

{[%evp 14,173,35,-17,-17,-22,-15,-23,53,52,49,46,44,34,37,22,34,4,52,0,22,-27,22,2,36,6,5,8,9,7,8,9,4,6,14,-33,61,61,61,61,61,61,50,50,50,50,50,54,56,56,78,78,90,90,90,90,90,90,90,90,91,90,90,85,85,0,90,90,90,90,90,90,91,0,90,0,87,0,90,90,90,90,90,15,91,91,91,90,93,90,102,90,90,90,90,90,90,90,90,90,90,90,91,91,93,0,90,90,93,90,90,90,90,90,112,109,163,100,186,183,440,424,737,766,5900,5722,5804,5314,2213,1875,29971,29970,7047,12809,29971,29966,29978,29979,29979,29976,29983,29984,29987,29988,29988,29989,29989,29986,29986,29987,29987,29985,29985,29986,29993,29994,29995,29995,29995,29996,29996,29997]} 1. d4 Nf6 2. c4 g6 3. f3 Bg7 4. e4 d6 5. Ne2 c6 (5... O-O 6. Nbc3 c6 7. Be3 Nbd7 8. Qd2 a6 9. c5 b5 10. cxb6 Nxb6 11. Nf4 a5 12. Be2 Nfd7 13. O-O Ba6 14. Bxa6 Rxa6 15. Qe2 Qa8 16. Rac1 {1-0 (46) Wojtaszek,R (2750)-Van Wely,L (2695) Wijk aan Zee 2017}) 6. Be3 {E60: King's Indian: Unusual lines and Fianchetto Variation without Nc3} a6 7. Nbc3 b5 8. c5 {LiveBook: 3 Games} ({White should try} 8. Ng3 $14) 8... dxc5 $11 9. dxc5 Qxd1+ $146 ({Predecessor:} 9... Qc7 10. Qd2 Nbd7 11. Ng3 Ne5 12. Rd1 h5 13. Bf4 Be6 14. Be2 {1-0 (54) Gunina,V (2509)-Paehtz,E (2449) Berlin 2013}) 10. Rxd1 e5 (10... Nfd7 $11) 11. a4 $14 Be6 12. Nc1 Nbd7 13. Nd3 O-O 14. Be2 Rfc8 15. b4 Bc4 16. Ra1 (16. a5 $14) 16... Ne8 17. Nc1 Be6 18. Kf2 Bf8 19. Rd1 (19. Nd3 {keeps more tension.} f5 20. g3 Bg7 21. Kg2 Nc7 22. Rhd1) 19... a5 20. axb5 axb4 21. Rxa8 Rxa8 22. bxc6 Nxc5 23. Nd5 Rc8 24. Bb5 Nd6 (24... b3 $15) 25. Bxc5 Nxb5 26. Bxf8 Kxf8 27. Nxb4 Nd4 28. Ncd3 Nxc6 29. Nxc6 Rxc6 30. Nxe5 {[%mdl 4096] Endgame KRB-KRN} Rc2+ 31. Kg3 Ke7 32. h4 h5 33. Nd3 Kf6 34. Nf4 Bc4 35. Rd6+ Be6 36. Rb6 Ra2 37. Rc6 Rb2 38. Nd5+ Ke5 39. Nf4 Kf6 $1 40. Nd3 Rd2 41. Nb4 Rb2 42. Rb6 {[#] And now Nd5+ would win.} Rd2 43. Rc6 Rb2 $1 {[%cal Rb2b4]} 44. Nd5+ (44. Na6 {is interesting.} Ke5 45. Nc5 Re2 46. Rb6 Rd2 47. Rb8) 44... Ke5 45. Nf4 Kf6 $1 46. Rc1 Rd2 47. Rf1 Ke5 48. Rf2 ({Better is} 48. Ra1 $16) 48... Rd1 (48... Rxf2 $11 49. Nd3+ Kd4 50. Nxf2 Ke3) 49. Rb2 $16 Bc4 50. Rc2 Rd4 51. Nh3 Be6 52. Nf2 Rd7 53. Rc5+ Kf6 54. Kf4 Rd2 55. Ke3 Ra2 56. g3 Ra3+ 57. Kf4 Ra4 58. Rc7 Rd4 59. Rc5 Ra4 $1 60. Nd3 Rd4 61. Ne5 Rd1 62. Rc7 Rf1 63. Rc3 Rf2 64. Nd3 Rg2 {[#]} (64... Rd2 $16 {keeps fighting.} 65. Ne5 Rd4) 65. Nc5 (65. Rc7 $1 $18) 65... Rg1 (65... Ke7 $16 66. Nd3 Ra2) 66. Ra3 $18 Rc1 $2 (66... Bc4 67. Nd7+ Kg7) 67. e5+ Ke7 (67... Kg7 $142) 68. Ra7+ Kf8 69. Nxe6+ fxe6 {KR-KR} 70. Kg5 Rc3 71. f4 Rxg3+ 72. Kf6 {[%cal Ra7a8]} Kg8 73. Rg7+ Kf8 74. Rxg6 {White mates.} Rf3 75. Kxe6 Rh3 76. f5 Rxh4 77. f6 Rf4 78. Rh6 {[%cal Rh6h8]} Kg8 79. Rxh5 Rf1 80. Rg5+ Kf8 81. Rg2 Ra1 82. Rb2 {[%cal Rb2b8]} Ra6+ 83. Kf5 Ra8 84. e6 Re8 85. Rh2 {[%cal Rh2h8]} Kg8 86. f7+ Kg7 87. fxe8=N+ {Precision: White = 67%, Black = 43%.} 1-0